Queen Band Members - Statistics

General Stats
  • This quiz has been taken 424 times
  • The average score is 4 of 7
Answer Stats
Years Instruments Answer % Correct
1970-1991 Lead Vocals Freddie Mercury
99%
Since 1970 Keyboard/ Guitar Brian May
95%
Since 1970 Drums Roger Taylor
88%
1971-1997 Guitar John Deacon
87%
1970 Bass Mike Grose
13%
1970-1971 Bass Barry Mitchell
11%
1971 Bass Doug Bogie
10%
No matching quizzes found
Score Distribution
Percent of People with Each Score
Percentile by Number Answered
Your Score History
You have not taken this quiz